[Event "Titled Tuesday intern op 28th Dec"]
[Site "Chess.com INT"]
[Date "2021.12.28"]
[Round "3"]
[White "Bouget, Alexandre"]
[Black "Ashiev, Eduard"]
[Result "1-0"]
[WhiteElo "2250"]
[BlackElo "2202"]
[PlyCount "89"]
[EventDate "2021.12.28"]
[EventType "swiss (blitz)"]
[EventRounds "11"]
[EventCountry "USA"]
[SourceTitle "CBM 206 Extra"]
[Source "ChessBase"]
[SourceDate "2022.03.31"]
[SourceVersion "1"]
[SourceVersionDate "2022.03.31"]
[SourceQuality "1"]

1. Nc3 e5 2. Nf3 Nc6 3. d4 exd4 4. Nxd4 d5 5. e3 Nf6 6. Bb5 Bd7 7. O-O Bd6 8. Qf3 Bg4 9. Nxc6 bxc6 10. Bxc6+ Kf8 11. Qxf6 gxf6 12. Nxd5 Rb8 13. e4 Bd7 14. Bxd7 Qxd7 15. Bh6+ Ke8 16. Nxf6+ Ke7 17. Nxd7 Kxd7 18. Rad1 Kc6 19. Bg7 Rhe8 20. f3 h5 21. Rd5 Re6 22. c4 h4 23. a3 Rg8 24. Bd4 Bf4 25. Bxa7 Reg6 26. Rf2 f6 27. Bd4 Rb8 28. b4 Ra8 29. b5+ Kb7 30. Ra2 Ra4 31. Rc5 Bd6 32. Rc6 Bxa3 33. Kf1 h3 34. g3 Rg8 35. Rxf6 Rd8 36. Be3 Rd1+ 37. Ke2 Rh1 38. Rc6 Rxh2+ 39. Bf2 Bc5 40. Rxa4 Bxf2 41. Kd3 Bg1 42. Rh6 Bf2 43. b6 Bxg3 44. bxc7 Bxc7 45. Rb4+ 1-0

[Event "Titled Tuesday intern op 28th Dec"]
[Site "Chess.com INT"]
[Date "2021.12.28"]
[Round "3"]
[White "Bures, Vit"]
[Black "Sailer, Mike L"]
[Result "0-1"]
[WhiteElo "2119"]
[BlackElo "2109"]
[PlyCount "70"]
[EventDate "2021.12.28"]
[EventType "swiss (blitz)"]
[EventRounds "11"]
[EventCountry "USA"]
[SourceTitle "CBM 206 Extra"]
[Source "ChessBase"]
[SourceDate "2022.03.31"]
[SourceVersion "1"]
[SourceVersionDate "2022.03.31"]
[SourceQuality "1"]

1. d4 d5 2. c4 Bf5 3. cxd5 Bxb1 4. Qa4+ Qd7 5. Qxd7+ Nxd7 6. Rxb1 Ngf6 7. Nf3 Nb6 8. e3 Nbxd5 9. Bd2 e6 10. a3 Ne4 11. Bd3 Nxd2 12. Kxd2 O-O-O 13. Rhc1 f6 14. Ke2 Kb8 15. Rc2 c6 16. b4 a6 17. g3 g5 18. e4 Nb6 19. h3 h5 20. g4 hxg4 21. hxg4 Bd6 22. e5 Be7 23. Be4 Rh3 24. Rd1 Na4 25. Rd3 Rdh8 26. exf6 Bxf6 27. Ne5 Bxe5 28. dxe5 Rxd3 29. Bxd3 Nb6 30. Be4 Nd7 31. Rd2 Nxe5 32. Rd6 Re8 33. f3 Nc4 34. Rd4 Nxa3 35. Ke3 Kc7 0-1

[Event "Titled Tuesday intern op 28th Dec"]
[Site "Chess.com INT"]
[Date "2021.12.28"]
[Round "3"]
[White "Butti, Enrique"]
[Black "Agasarov, Benik"]
[Result "1-0"]
[WhiteElo "2065"]
[BlackElo "2205"]
[PlyCount "69"]
[EventDate "2021.12.28"]
[EventType "swiss (blitz)"]
[EventRounds "11"]
[EventCountry "USA"]
[SourceTitle "CBM 206 Extra"]
[Source "ChessBase"]
[SourceDate "2022.03.31"]
[SourceVersion "1"]
[SourceVersionDate "2022.03.31"]
[SourceQuality "1"]

1. d4 Nf6 2. c4 e6 3. Nf3 d5 4. e3 c5 5. Nc3 a6 6. cxd5 exd5 7. Be2 Nc6 8. O-O cxd4 9. Nxd4 Bd6 10. b3 O-O 11. Bb2 Be6 12. Rc1 Rc8 13. Na4 Bd7 14. Nc5 Bxc5 15. Rxc5 Nxd4 16. Qxd4 Rxc5 17. Qxc5 Bc6 18. Rd1 Re8 19. Bf3 Nd7 20. Qd4 Re5 21. Qf4 Rg5 22. h4 Rg6 23. Bxd5 Nf6 24. Bf3 Rxg2+ 25. Kxg2 Qxd1 26. Bxc6 h6 27. Bxf6 bxc6 28. Bd4 c5 29. Be5 Qc2 30. Qg4 g5 31. hxg5 h5 32. Qc8+ Kh7 33. Qh8+ Kg6 34. Qf6+ Kh7 35. Qg7# 1-0

[Event "Titled Tuesday intern op 28th Dec"]
[Site "Chess.com INT"]
[Date "2021.12.28"]
[Round "3"]
[White "Coto Mederos, Michel"]
[Black "Ljukin, Sergei"]
[Result "0-1"]
[WhiteElo "2348"]
[BlackElo "2362"]
[PlyCount "110"]
[EventDate "2021.12.28"]
[EventType "swiss (blitz)"]
[EventRounds "11"]
[EventCountry "USA"]
[SourceTitle "CBM 206 Extra"]
[Source "ChessBase"]
[SourceDate "2022.03.31"]
[SourceVersion "1"]
[SourceVersionDate "2022.03.31"]
[SourceQuality "1"]

1. d4 d5 2. c4 c6 3. Nf3 Nf6 4. Nc3 dxc4 5. a4 Bf5 6. e3 e6 7. Bxc4 Bb4 8. O-O Nbd7 9. Nh4 O-O 10. Nxf5 exf5 11. Qc2 g6 12. b3 Rc8 13. Bb2 Qe7 14. Rad1 Nb6 15. Bd3 Nbd5 16. Nxd5 cxd5 17. Qe2 Rc7 18. Rc1 Rfc8 19. h3 Ne4 20. Rxc7 Rxc7 21. Rc1 Bd6 22. Rxc7 Bxc7 23. g3 Qd6 24. Bxe4 fxe4 25. Qc2 h5 26. h4 Qc6 27. Qxc6 bxc6 28. Ba3 f6 29. Bc5 a6 30. Kf1 g5 31. hxg5 fxg5 32. Be7 g4 33. Ke2 Kf7 34. Bb4 Bd8 35. Kd2 Ke6 36. Ke2 Kf5 37. Bd6 h4 38. gxh4 Bxh4 39. Bc7 Be7 40. Bb8 Kg5 41. Bc7 Kh5 42. Bb8 Kh4 43. Bc7 Kh3 44. Bg3 Kg2 45. Ke1 Kf3 46. Kf1 Bg5 47. Be5 Bxe3 48. fxe3 Kxe3 49. b4 Kd2 50. Bf4+ e3 51. Kg2 Kd3 52. Bg3 Kxd4 53. Be1 Ke4 54. Kg3 d4 55. Kxg4 d3 0-1

[Event "Titled Tuesday intern op 28th Dec"]
[Site "Chess.com INT"]
[Date "2021.12.28"]
[Round "3"]
[White "Csonka, Balazs"]
[Black "Shvedova, Alexandra"]
[Result "1-0"]
[WhiteElo "2480"]
[BlackElo "2065"]
[PlyCount "125"]
[EventDate "2021.12.28"]
[EventType "swiss (blitz)"]
[EventRounds "11"]
[EventCountry "USA"]
[SourceTitle "CBM 206 Extra"]
[Source "ChessBase"]
[SourceDate "2022.03.31"]
[SourceVersion "1"]
[SourceVersionDate "2022.03.31"]
[SourceQuality "1"]

1. e4 e5 2. Nf3 Nc6 3. Bb5 Nf6 4. d3 d6 5. O-O a6 6. Bxc6+ bxc6 7. Re1 Be7 8. d4 exd4 9. Nxd4 Bd7 10. c4 O-O 11. Nc3 Re8 12. h3 Bf8 13. Qf3 g6 14. Bg5 Bg7 15. Rad1 Rb8 16. e5 dxe5 17. Nxc6 Bxc6 18. Qxc6 Rb6 19. Rxd8 Rxc6 20. Bxf6 Rxd8 21. Bxd8 Rxc4 22. Be7 f5 23. Rd1 e4 24. Rd7 Bxc3 25. bxc3 Rxc3 26. Bf6 Rc1+ 27. Kh2 Rc2 28. Kg3 Rxa2 29. Rxc7 Rd2 30. Rg7+ Kf8 31. Rxh7 a5 32. Ra7 Ra2 33. Bd4 a4 34. Be3 Ke8 35. Kf4 Kd8 36. Kg5 a3 37. g3 Ra1 38. Kxg6 a2 39. Kxf5 Kc8 40. Kxe4 Kb8 41. Ra3 Kb7 42. h4 Kc6 43. h5 Kb5 44. h6 Kb4 45. Ra7 Kb3 46. Kf5 Rh1 47. Rxa2 Kxa2 48. Kg6 Ka1 49. h7 Rb1 50. h8=Q+ Ka2 51. Qa8+ Kb2 52. Qb7+ Ka2 53. Qxb1+ Kxb1 54. f4 Kc2 55. f5 Kd1 56. f6 Ke2 57. Bf4 Kf1 58. f7 Kg2 59. f8=Q Kh1 60. Qb4 Kg2 61. Qe4+ Kh3 62. Qh1+ Kg4 63. Qh5# 1-0

[Event "Titled Tuesday intern op 28th Dec"]
[Site "Chess.com INT"]
[Date "2021.12.28"]
[Round "3"]
[White "Dauner, Benedikt"]
[Black "Rudykh, Stepan"]
[Result "1-0"]
[WhiteElo "2331"]
[BlackElo "2218"]
[PlyCount "43"]
[EventDate "2021.12.28"]
[EventType "swiss (blitz)"]
[EventRounds "11"]
[EventCountry "USA"]
[SourceTitle "CBM 206 Extra"]
[Source "ChessBase"]
[SourceDate "2022.03.31"]
[SourceVersion "1"]
[SourceVersionDate "2022.03.31"]
[SourceQuality "1"]

1. d4 e6 2. Nf3 f5 3. Bf4 Nf6 4. e3 Be7 5. Bd3 O-O 6. c4 b6 7. Nc3 Bb7 8. h3 Ne4 9. Bxe4 Bxe4 10. Nxe4 fxe4 11. Nd2 d5 12. Qg4 Rf6 13. O-O Rg6 14. Qh5 Nc6 15. Rac1 Qd7 16. Bxc7 Bd6 17. Bxd6 Qxd6 18. cxd5 exd5 19. Rc3 Rf8 20. Rfc1 Qf6 21. Qxd5+ Kh8 22. Nxe4 1-0

[Event "Titled Tuesday intern op 28th Dec"]
[Site "Chess.com INT"]
[Date "2021.12.28"]
[Round "3"]
[White "Devaev, Alexander"]
[Black "Ismayil, Malak"]
[Result "0-1"]
[WhiteElo "2325"]
[BlackElo "2058"]
[PlyCount "100"]
[EventDate "2021.12.28"]
[EventType "swiss (blitz)"]
[EventRounds "11"]
[EventCountry "USA"]
[SourceTitle "CBM 206 Extra"]
[Source "ChessBase"]
[SourceDate "2022.03.31"]
[SourceVersion "1"]
[SourceVersionDate "2022.03.31"]
[SourceQuality "1"]

1. Nf3 Nf6 2. c4 e6 3. d4 Bb4+ 4. Bd2 Qe7 5. g3 Nc6 6. Bg2 O-O 7. O-O Bxd2 8. Qxd2 d6 9. Nc3 e5 10. dxe5 dxe5 11. Nd5 Qd8 12. Rfd1 Bg4 13. Qc3 Bxf3 14. Bxf3 Nd4 15. Rd2 c6 16. Ne3 Qc8 17. Bg2 Qe6 18. Rad1 Rad8 19. b4 Rd7 20. c5 Rfd8 21. Kf1 h5 22. h4 Nb5 23. Qb2 e4 24. a4 Nc7 25. Rxd7 Rxd7 26. Rxd7 Qxd7 27. Qe5 Ncd5 28. Nf5 g6 29. Nd6 e3 30. f4 Ng4 31. Qe4 Ngf6 32. Qd4 b6 33. Kg1 bxc5 34. bxc5 a5 35. Nc4 Qc7 36. Nxe3 Nxe3 37. Qxe3 Ng4 38. Qd4 Qb7 39. Bf3 Qb1+ 40. Kg2 Qb3 41. Bxg4 hxg4 42. Qd8+ Kg7 43. Qd4+ Kg8 44. f5 Qc2 45. Qd8+ Kg7 46. f6+ Kh7 47. Qe8 Qc4 48. Kh2 Qd5 49. Qe3 Qe6 50. Qg5 Kg8 0-1

[Event "Titled Tuesday intern op 28th Dec"]
[Site "Chess.com INT"]
[Date "2021.12.28"]
[Round "3"]
[White "Dilmukhametov, Artur"]
[Black "Wagner, Dinara"]
[Result "0-1"]
[WhiteElo "2293"]
[BlackElo "2325"]
[PlyCount "120"]
[EventDate "2021.12.28"]
[EventType "swiss (blitz)"]
[EventRounds "11"]
[EventCountry "USA"]
[SourceTitle "CBM 206 Extra"]
[Source "ChessBase"]
[SourceDate "2022.03.31"]
[SourceVersion "1"]
[SourceVersionDate "2022.03.31"]
[SourceQuality "1"]

1. e4 c5 2. f4 d5 3. exd5 Qxd5 4. Nc3 Qd8 5. Nf3 Nf6 6. Bb5+ Bd7 7. Bxd7+ Qxd7 8. d3 Nc6 9. O-O e6 10. Ne5 Nxe5 11. fxe5 Qd4+ 12. Kh1 Qxe5 13. Bf4 Qh5 14. Nb5 Qxd1 15. Nc7+ Kd7 16. Raxd1 Rc8 17. Nb5 a6 18. Nc3 Be7 19. Bg5 h6 20. Bxf6 gxf6 21. Ne4 f5 22. Nd2 b5 23. a4 Bf6 24. axb5 axb5 25. b3 Rhg8 26. g3 h5 27. Rde1 h4 28. Kg2 Rg6 29. Rf3 Rcg8 30. Nf1 hxg3 31. hxg3 Bd4 32. Rb1 Bc3 33. d4 cxd4 34. Rd1 Kc6 35. Rdd3 Rg5 36. Ne3 Be1 37. Rxd4 Rxg3+ 38. Rxg3 Rxg3+ 39. Kf1 Rxe3 40. Rd8 b4 41. Rf8 Bc3 42. Rxf7 Re1+ 43. Kf2 Rc1 44. Ke2 Rxc2+ 45. Kd3 Rd2+ 46. Ke3 Rb2 47. Kd3 Rxb3 48. Kc4 Rb2 49. Re7 Kd6 50. Re8 f4 51. Rf8 Rf2 52. Rd8+ Ke5 53. Rd1 f3 54. Rh1 Rd2 55. Rh5+ Kf4 56. Rh4+ Kg3 57. Rh7 f2 58. Rh1 Re2 59. Rf1 Re1 60. Rxf2 Kxf2 0-1

[Event "Titled Tuesday intern op 28th Dec"]
[Site "Chess.com INT"]
[Date "2021.12.28"]
[Round "3"]
[White "Dmitrenko, Viktor"]
[Black "Dahlgren, James Allen"]
[Result "1-0"]
[WhiteElo "2395"]
[BlackElo "1858"]
[PlyCount "49"]
[EventDate "2021.12.28"]
[EventType "swiss (blitz)"]
[EventRounds "11"]
[EventCountry "USA"]
[SourceTitle "CBM 206 Extra"]
[Source "ChessBase"]
[SourceDate "2022.03.31"]
[SourceVersion "1"]
[SourceVersionDate "2022.03.31"]
[SourceQuality "1"]

1. d4 e6 2. Nf3 c5 3. e3 Nf6 4. b3 Nc6 5. Bb2 d5 6. a3 Bd6 7. Bd3 O-O 8. O-O Ne4 9. Nbd2 f5 10. dxc5 Nxc5 11. Bb5 a6 12. Be2 e5 13. c4 Be6 14. b4 Ne4 15. b5 axb5 16. cxb5 Qb6 17. Nb3 d4 18. exd4 exd4 19. Nfxd4 Nxd4 20. Qxd4 Qxd4 21. Nxd4 Bd5 22. Rfd1 Rad8 23. f3 Nc5 24. a4 Rfe8 25. Bf1 1-0

[Event "Titled Tuesday intern op 28th Dec"]
[Site "Chess.com INT"]
[Date "2021.12.28"]
[Round "3"]
[White "Dovbnia, Nikita"]
[Black "Bongo Akanga Ndjila, Barthelemy"]
[Result "1-0"]
[WhiteElo "1944"]
[BlackElo "1803"]
[PlyCount "119"]
[EventDate "2021.12.28"]
[EventType "swiss (blitz)"]
[EventRounds "11"]
[EventCountry "USA"]
[SourceTitle "CBM 206 Extra"]
[Source "ChessBase"]
[SourceDate "2022.03.31"]
[SourceVersion "1"]
[SourceVersionDate "2022.03.31"]
[SourceQuality "1"]

1. Nf3 d5 2. e3 Nd7 3. c4 Ngf6 4. b3 e6 5. Bb2 Bd6 6. Nc3 c6 7. Be2 O-O 8. O-O Qe7 9. Rc1 Ba3 10. Qc2 Bxb2 11. Qxb2 e5 12. cxd5 cxd5 13. Nb5 a6 14. Qa3 Qxa3 15. Nxa3 b5 16. Rc7 Rb8 17. Rfc1 Bb7 18. d4 exd4 19. Nxd4 Rbc8 20. Rxc8 Rxc8 21. Rxc8+ Bxc8 22. Nac2 g6 23. b4 Nb6 24. Kf1 Na4 25. Nb3 Nc3 26. a3 Nfe4 27. f3 Nd6 28. Ke1 Nc4 29. Bxc4 dxc4 30. Nbd4 Nd5 31. Kd2 Bb7 32. e4 Nf4 33. Ne3 Nd3 34. Nb3 Bc8 35. Nc5 Kg7 36. Nxd3 cxd3 37. Kxd3 Bb7 38. Kd4 f6 39. Kc5 Bc8 40. Kb6 Kf7 41. Kc7 Be6 42. Nc2 Ke7 43. Nd4 Bc4 44. Kb6 Bf1 45. g3 Bg2 46. Kxa6 Kd6 47. Kxb5 Ke5 48. Kc4 f5 49. exf5 gxf5 50. f4+ Ke4 51. a4 h5 52. a5 Ke3 53. Kc5 Kf2 54. a6 Kg1 55. h4 Kh2 56. Nxf5 Be4 57. a7 Kh3 58. Ng7 Kg4 59. b5 Kh3 60. Nxh5 1-0

[Event "Titled Tuesday intern op 28th Dec"]
[Site "Chess.com INT"]
[Date "2021.12.28"]
[Round "3"]
[White "Duneas, John"]
[Black "Dolzhikova, Kateryna"]
[Result "0-1"]
[WhiteElo "2071"]
[BlackElo "2161"]
[PlyCount "64"]
[EventDate "2021.12.28"]
[EventType "swiss (blitz)"]
[EventRounds "11"]
[EventCountry "USA"]
[SourceTitle "CBM 206 Extra"]
[Source "ChessBase"]
[SourceDate "2022.03.31"]
[SourceVersion "1"]
[SourceVersionDate "2022.03.31"]
[SourceQuality "1"]

1. d4 Nf6 2. Nf3 e6 3. Bg5 d5 4. c4 Be7 5. Nc3 O-O 6. e3 a6 7. cxd5 exd5 8. Bd3 Bg4 9. Qc2 Nbd7 10. Ne5 h6 11. Bxf6 Nxf6 12. Nxg4 Nxg4 13. h3 Nf6 14. O-O c6 15. Rab1 Re8 16. b4 Bd6 17. a4 Rc8 18. Bf5 Rc7 19. Qd3 g6 20. Bg4 Nxg4 21. hxg4 Qh4 22. f4 Qxg4 23. b5 axb5 24. axb5 Rce7 25. Rf3 Ra8 26. bxc6 bxc6 27. Rb6 Ra1+ 28. Rf1 Rxf1+ 29. Kxf1 Bxf4 30. exf4 Qxf4+ 31. Qf3 Qc1+ 32. Kf2 Qe1# 0-1

[Event "Titled Tuesday intern op 28th Dec"]
[Site "Chess.com INT"]
[Date "2021.12.28"]
[Round "3"]
[White "Farmani Anosheh, Armin"]
[Black "Jary, Sergey"]
[Result "0-1"]
[WhiteElo "2345"]
[BlackElo "2275"]
[PlyCount "42"]
[EventDate "2021.12.28"]
[EventType "swiss (blitz)"]
[EventRounds "11"]
[EventCountry "USA"]
[SourceTitle "CBM 206 Extra"]
[Source "ChessBase"]
[SourceDate "2022.03.31"]
[SourceVersion "1"]
[SourceVersionDate "2022.03.31"]
[SourceQuality "1"]

1. e4 g6 2. d4 c6 3. Nc3 Na6 4. Nf3 Nc7 5. h4 h5 6. Bd3 Bg7 7. Qe2 d6 8. e5 Bg4 9. exd6 Bxf3 10. Qxf3 exd6 11. Be3 Ne7 12. O-O-O Ne6 13. d5 cxd5 14. Bb5+ Nc6 15. Nxd5 O-O 16. Bxc6 bxc6 17. Nb4 Qa5 18. a3 c5 19. Nc6 Qb6 20. c3 Rab8 21. Nxb8 Rxb8 0-1

[Event "Titled Tuesday intern op 28th Dec"]
[Site "Chess.com INT"]
[Date "2021.12.28"]
[Round "3"]
[White "Gaehwiler, Gabriel"]
[Black "Berezin, Viktor1"]
[Result "1-0"]
[WhiteElo "2400"]
[BlackElo "2307"]
[PlyCount "66"]
[EventDate "2021.12.28"]
[EventType "swiss (blitz)"]
[EventRounds "11"]
[EventCountry "USA"]
[SourceTitle "CBM 206 Extra"]
[Source "ChessBase"]
[SourceDate "2022.03.31"]
[SourceVersion "1"]
[SourceVersionDate "2022.03.31"]
[SourceQuality "1"]

1. Nf3 Nf6 2. c4 g6 3. g3 Bg7 4. Bg2 O-O 5. Nc3 d6 6. d4 Nc6 7. O-O a6 8. b3 Rb8 9. Bb2 b5 10. cxb5 axb5 11. Rc1 Bd7 12. d5 Na7 13. Nb1 e5 14. dxe6 Bxe6 15. Qc2 c5 16. Rfd1 Nc8 17. e4 Qb6 18. e5 Bf5 19. exf6 Bxc2 20. fxg7 Bxd1 21. gxf8=Q+ Kxf8 22. Rxd1 Ne7 23. Ng5 Nf5 24. Nc3 h6 25. Nh7+ Ke8 26. Re1+ Kd8 27. Nf6 Qa5 28. Re8+ Kc7 29. Nfd5+ Kb7 30. Ne7+ Kc7 31. Rxb8 Nxe7 32. Ra8 Qb6 33. Re8 Qa5 1-0

[Event "Titled Tuesday intern op 28th Dec"]
[Site "Chess.com INT"]
[Date "2021.12.28"]
[Round "3"]
[White "Gevorgyan, Maria"]
[Black "Nozdrachev, Leonid"]
[Result "0-1"]
[WhiteElo "2218"]
[BlackElo "2370"]
[PlyCount "108"]
[EventDate "2021.12.28"]
[EventType "swiss (blitz)"]
[EventRounds "11"]
[EventCountry "USA"]
[SourceTitle "CBM 206 Extra"]
[Source "ChessBase"]
[SourceDate "2022.03.31"]
[SourceVersion "1"]
[SourceVersionDate "2022.03.31"]
[SourceQuality "1"]

1. e4 d6 2. d4 Nf6 3. Nc3 e5 4. Nf3 Nbd7 5. Bc4 Be7 6. O-O O-O 7. h3 c6 8. Bb3 b5 9. a3 Qc7 10. dxe5 dxe5 11. Bg5 Rb8 12. Nh4 Nc5 13. Qe2 a5 14. Nf5 b4 15. axb4 axb4 16. Nxe7+ Qxe7 17. Na4 Ba6 18. Qe3 Nxb3 19. Qxb3 Bxf1 20. Rxf1 h6 21. Bh4 g5 22. Bg3 Nxe4 23. Re1 Nxg3 24. Qxg3 Rfe8 25. b3 Qf6 26. Nc5 Rbd8 27. Ne4 Qg6 28. Qf3 f5 29. Ng3 e4 30. Qe2 Rd4 31. Qa6 f4 32. Ne2 Rd2 33. Qc4+ Qe6 34. Qxb4 Rxc2 35. Nd4 c5 36. Nxe6 cxb4 37. Nd4 Rc3 38. Nf5 Rxb3 39. Nxh6+ Kf8 40. Nf5 Rc3 41. Ra1 b3 42. Ra7 b2 43. Rb7 Rc1+ 44. Kh2 b1=Q 45. Rxb1 Rxb1 46. h4 e3 47. fxe3 fxe3 48. Ng3 e2 49. Nxe2 Rxe2 50. hxg5 Rb3 51. Kg1 Rg3 52. Kf1 Rgxg2 53. g6 Ra2 54. g7+ Kxg7 0-1

[Event "Titled Tuesday intern op 28th Dec"]
[Site "Chess.com INT"]
[Date "2021.12.28"]
[Round "3"]
[White "Grabowski, Pawel"]
[Black "Punin, Andrii"]
[Result "0-1"]
[WhiteElo "2281"]
[BlackElo "2289"]
[PlyCount "66"]
[EventDate "2021.12.28"]
[EventType "swiss (blitz)"]
[EventRounds "11"]
[EventCountry "USA"]
[SourceTitle "CBM 206 Extra"]
[Source "ChessBase"]
[SourceDate "2022.03.31"]
[SourceVersion "1"]
[SourceVersionDate "2022.03.31"]
[SourceQuality "1"]

1. d4 Nf6 2. Nf3 d5 3. e3 c5 4. Nbd2 cxd4 5. exd4 Nc6 6. c3 a6 7. Bd3 Bg4 8. O-O e6 9. Re1 Bd6 10. h3 Bh5 11. Nf1 Bg6 12. Bg5 Qc7 13. Bxf6 gxf6 14. Rc1 O-O 15. g3 Bxd3 16. Qxd3 Kh8 17. Nh4 Rg8 18. Qf3 f5 19. Kh1 Rg7 20. Red1 Rag8 21. c4 dxc4 22. Rxc4 Qa5 23. a3 Qb5 24. Rc2 Ne7 25. d5 f4 26. g4 Nxd5 27. Ng2 f5 28. Nh2 Bb8 29. Re2 Nf6 30. Rxe6 fxg4 31. hxg4 Nxg4 32. Nxg4 Rxg4 33. Rg1 Qh5+ 0-1

[Event "Titled Tuesday intern op 28th Dec"]
[Site "Chess.com INT"]
[Date "2021.12.28"]
[Round "3"]
[White "Hardaway, Brewington"]
[Black "Zhuravleva, Olga"]
[Result "1-0"]
[WhiteElo "2207"]
[BlackElo "2278"]
[PlyCount "99"]
[EventDate "2021.12.28"]
[EventType "swiss (blitz)"]
[EventRounds "11"]
[EventCountry "USA"]
[SourceTitle "CBM 206 Extra"]
[Source "ChessBase"]
[SourceDate "2022.03.31"]
[SourceVersion "1"]
[SourceVersionDate "2022.03.31"]
[SourceQuality "1"]

1. e4 e5 2. Nf3 Nc6 3. Bb5 f5 4. d3 Nf6 5. Nc3 Bc5 6. Bc4 d6 7. Be3 Nd4 8. a3 c6 9. Qd2 Nxf3+ 10. gxf3 f4 11. Bxc5 dxc5 12. Rg1 Qe7 13. Ne2 Bd7 14. Qa5 b6 15. Qc3 O-O-O 16. a4 a5 17. Nc1 Kb7 18. Nb3 g6 19. Ra3 Ne8 20. Nxa5+ bxa5 21. Rb3+ Kc7 22. Qxa5+ Kd6 23. Rc3 Nc7 24. b4 cxb4 25. Qxb4+ c5 26. Qb6+ Bc6 27. Bb5 Nxb5 28. Qxc5+ Kc7 29. Qxc6+ Kb8 30. Qxb5+ Qb7 31. Ke2 Qxb5 32. axb5 Rd7 33. Rb1 Rb7 34. Rc5 Re8 35. c4 Re6 36. Rb2 Ka7 37. Kd2 Kb6 38. Rd5 Ra7 39. c5+ Kb7 40. Rd7+ Kb8 41. Rxa7 Kxa7 42. b6+ Kb7 43. Kc3 Rc6 44. Kc4 g5 45. Kb5 h5 46. Ra2 Rh6 47. Ra7+ Kb8 48. c6 g4 49. Rf7 g3 50. Rf8# 1-0

[Event "Titled Tuesday intern op 28th Dec"]
[Site "Chess.com INT"]
[Date "2021.12.28"]
[Round "3"]
[White "Hjartarson, Johann"]
[Black "Mammadov, Zaur Fazahir Oglu"]
[Result "1-0"]
[WhiteElo "2470"]
[BlackElo "2417"]
[PlyCount "79"]
[EventDate "2021.12.28"]
[EventType "swiss (blitz)"]
[EventRounds "11"]
[EventCountry "USA"]
[SourceTitle "CBM 206 Extra"]
[Source "ChessBase"]
[SourceDate "2022.03.31"]
[SourceVersion "1"]
[SourceVersionDate "2022.03.31"]
[SourceQuality "1"]

1. e4 e6 2. d4 d5 3. e5 c5 4. c3 Nc6 5. Nf3 Qb6 6. a3 Bd7 7. b4 cxd4 8. cxd4 Rc8 9. Be3 Nge7 10. Nbd2 Nf5 11. Nb3 Nxe3 12. fxe3 a5 13. b5 Na7 14. a4 Bb4+ 15. Kf2 O-O 16. Bd3 f6 17. exf6 Rxf6 18. Rf1 Rcf8 19. Kg1 Nc8 20. Ne5 Rxf1+ 21. Bxf1 Be8 22. Rc1 Nd6 23. Bd3 Qd8 24. Qg4 Nf5 25. Rf1 Qf6 26. Qh3 Qg5 27. Rf3 Bh5 28. g4 Bg6 29. Kh1 Nh6 30. Rxf8+ Kxf8 31. Bxg6 hxg6 32. Qg3 Ke7 33. Kg2 Qf6 34. g5 Qf5 35. gxh6 Qc2+ 36. Qf2 Qe4+ 37. Qf3 Qc2+ 38. Kh3 gxh6 39. Qf7+ Kd8 40. Qd7# 1-0

[Event "Titled Tuesday intern op 28th Dec"]
[Site "Chess.com INT"]
[Date "2021.12.28"]
[Round "3"]
[White "Holt, Conrad"]
[Black "Harshavardhan, GB."]
[Result "1-0"]
[WhiteElo "2553"]
[BlackElo "2397"]
[PlyCount "155"]
[EventDate "2021.12.28"]
[EventType "swiss (blitz)"]
[EventRounds "11"]
[EventCountry "USA"]
[SourceTitle "CBM 206 Extra"]
[Source "ChessBase"]
[SourceDate "2022.03.31"]
[SourceVersion "1"]
[SourceVersionDate "2022.03.31"]
[SourceQuality "1"]

1. d4 d5 2. c4 c6 3. Nc3 Nf6 4. e3 e6 5. Bd3 Bd6 6. e4 dxe4 7. Nxe4 Nxe4 8. Bxe4 Bb4+ 9. Ke2 Nd7 10. Nf3 Nf6 11. Bc2 O-O 12. Qd3 h6 13. Rd1 b6 14. Ne5 Bb7 15. Qg3 Kh8 16. Rd3 Bd6 17. Qh3 Ng8 18. Bf4 Qf6 19. Rf3 c5 20. Bg5 Qxg5 21. Nxf7+ Rxf7 22. Rxf7 Qxg2 23. Qxg2 Bxg2 24. Rg1 Bh3 25. Rgxg7 Ne7 26. dxc5 Bxc5 27. Rxe7 Bxe7 28. Rxe7 Kg8 29. b3 a6 30. Be4 Rd8 31. Rb7 Rd4 32. Ke3 Rd1 33. Rxb6 Kf7 34. Rxa6 Re1+ 35. Kd4 Kf6 36. Bd3 Rd1 37. Kc3 Rc1+ 38. Kd2 Rh1 39. c5 Rxh2 40. Ke3 Rh1 41. c6 Bg2 42. c7 Rc1 43. Bc4 Bb7 44. Rb6 Bc8 45. Rb8 Ba6 46. c8=Q Bxc8 47. Rxc8 Ke5 48. Rc6 Rc2 49. Rxe6+ Kf5 50. Rxh6 Rxa2 51. Rh5+ Kg4 52. Rd5 Kh4 53. Rd4+ Kg5 54. Rd2 Ra1 55. f4+ Kf6 56. Rd6+ Ke7 57. Rd5 Kf6 58. Kd4 Rd1+ 59. Kc5 Re1 60. f5 Re4 61. b4 Re8 62. b5 Rc8+ 63. Kd4 Kg5 64. Bd3 Rb8 65. Rd6 Kf4 66. b6 Ra8 67. Bc4 Rb8 68. Bd5 Kxf5 69. b7 Kf4 70. Ra6 Kg5 71. Ra8 Rxb7 72. Bxb7 Kf6 73. Bd5 Ke7 74. Ke5 Kd7 75. Ra7+ Ke8 76. Kd6 Kf8 77. Rb7 Ke8 78. Rb8# 1-0

[Event "Titled Tuesday intern op 28th Dec"]
[Site "Chess.com INT"]
[Date "2021.12.28"]
[Round "3"]
[White "Kalajzic, Ivan"]
[Black "Havanecz, Bianka"]
[Result "1-0"]
[WhiteElo "2108"]
[BlackElo "2229"]
[PlyCount "97"]
[EventDate "2021.12.28"]
[EventType "swiss (blitz)"]
[EventRounds "11"]
[EventCountry "USA"]
[SourceTitle "CBM 206 Extra"]
[Source "ChessBase"]
[SourceDate "2022.03.31"]
[SourceVersion "1"]
[SourceVersionDate "2022.03.31"]
[SourceQuality "1"]

1. b3 e5 2. Bb2 Nc6 3. e3 a6 4. Nf3 d6 5. d4 e4 6. Nfd2 d5 7. a3 Nf6 8. Be2 Bd6 9. c4 Be6 10. Nc3 Ne7 11. c5 O-O 12. Rc1 c6 13. cxd6 Qxd6 14. h3 Ng6 15. Na4 Rae8 16. Nc5 Bc8 17. a4 Nh4 18. Bf1 h6 19. Nb1 b6 20. Nxa6 Bxa6 21. Bxa6 Nxg2+ 22. Kf1 Nh4 23. Ba3 Qe6 24. Bxf8 Rxf8 25. Be2 Nh7 26. Qc2 Rc8 27. b4 Ng5 28. b5 c5 29. dxc5 bxc5 30. a5 Nhf3 31. Bxf3 Nxf3 32. Nd2 Ne5 33. b6 Nd3 34. b7 Rb8 35. Rb1 Qa6 36. Kg1 Rxb7 37. Rxb7 Qxb7 38. Kg2 Qa6 39. Ra1 Qg6+ 40. Kf1 Qf5 41. Nb3 Qxh3+ 42. Ke2 Qf3+ 43. Kd2 Qxf2+ 44. Kc3 Qxe3 45. Qd2 d4+ 46. Kc2 Nb4+ 47. Kb2 Qf3 48. Nc1 e3 49. Qe2 1-0